Φύλο και σχολική διοίκηση : το φαινόμενο της γυάλινης οροφής ; διπλωματική εργασία [μεταπτυχιακή εργασία]
Αποθηκεύτηκε σε:
| Κύριος συγγραφέας: | |
|---|---|
| Συγγραφή απο Οργανισμό/Αρχή: | |
| Άλλοι συγγραφείς: | |
| Μορφή: | Thesis Βιβλίο |
| Γλώσσα: | Greek |
| Δημοσίευση: |
2014.
|
| Θέματα: | |
| Διαθέσιμο Online: | http://hdl.handle.net/11610/14037 |
| Ετικέτες: |
Προσθήκη ετικέτας
Δεν υπάρχουν, Καταχωρήστε ετικέτα πρώτοι!
|
MARC
| LEADER | 00000cam a2200000 a 4500 | ||
|---|---|---|---|
| 001 | 1/106634 | ||
| 008 | 150529s2014####gr | ||| |||| ||gre|| | ||
| 040 | |a GR-MyUa |b gre |c GR-MyUa |e AACR2 | ||
| 041 | 0 | |a gre | |
| 082 | 7 | |a 371.2 |2 (23) | |
| 100 | 1 | |a Γεροθανάση, Μαρία. | |
| 245 | 1 | 0 | |a Φύλο και σχολική διοίκηση : |b το φαινόμενο της γυάλινης οροφής ; διπλωματική εργασία [μεταπτυχιακή εργασία] / |c Γεροθανάση Μαρία ; επιβλέπουσα καθηγήτρια Φώκιαλη Περσεφόνη. |
| 260 | |c 2014. | ||
| 300 | |a 90 σ. ; |c 30 εκ. | ||
| 502 | |a Διατριβή (μεταπτυχιακή) – Πανεπιστήμιο Αιγαίου, Ρόδος, 2014. | ||
| 504 | |a Βιβλιογραφία: σ. 78-89. | ||
| 506 | 1 | |a Διάθεση μόνο λέξεων κλειδιών περιλήψεων. | |
| 650 | 0 | |a School management and organization |z Greece. | |
| 650 | 0 | |a School administrators. | |
| 700 | 1 | |a Φώκιαλη, Περσεφόνη, |e dgsf [Επιβλέπουσα καθηγήτρια] | |
| 710 | 1 | |a Πανεπιστήμιο Αιγαίου |b Σχολή Ανθρωπιστικών Επιστημών |b Τμήμα Επιστημών της Προσχολικής Αγωγής και του Εκπαιδευτικού Σχεδιασμού |b Πρόγραμμα Μεταπτυχιακών Σπουδών Φύλο και Νέα Εκπαιδευτικά και Εργασιακά Περιβάλλοντα στην Κοινωνία της Πληροφορίας. | |
| 852 | |a INST |b RHODES |c DIATR |e 20150529 |h 371.2 ΓΕΡ |p 005400037758 |q 005400037758 |t MTXE |y 23 | ||
| 856 | |u http://hdl.handle.net/11610/14037 | ||
| 924 | |a Γεροθανάση |b Μαρία |y Ρόδος |z 2014-12 | ||
| 970 | |z 29-05-2015 | ||